[Event "Aeroflot Open 2010"]
[Site "Moscu RUS"]
[Date "2010.02.15"]
[Round "7.38"]
[White "Novikov, Stanislav"]
[Black "Salem, A.R. Saleh"]
[Result "1-0"]
[WhiteElo "2557"]
[BlackElo "2484"]
[PlyCount "91"]
[EventDate "2010.02.09"]
[EventType "swiss"]
[EventRounds "9"]
[EventCountry "RUS"]
[Source "lmi"]
[SourceDate "2010.02.09"]

1. c4 e5 2. Nc3 Nc6 3. Nf3 Bc5 4. e3 d6 5. Be2 Nge7 6. d4 Bb4 7. O-O Bxc3 8.
bxc3 Ng6 9. Ba3 O-O 10. c5 e4 11. Nd2 d5 12. c4 Be6 13. Qc2 Qg5 14. f4 exf3 15.
Rxf3 Rae8 16. Rg3 Qh6 17. Rf1 f5 18. Rh3 Qg5 19. Qc3 Nh4 20. Rg3 Qh6 21. cxd5
Bxd5 22. Bc4 Ne7 23. Qb3 c6 24. Bc1 Kh8 25. Bxd5 Nxd5 26. Nf3 b5 27. e4 Nf4 28.
Bxf4 Qxf4 29. Ng5 Qd2 30. Nf7+ Rxf7 31. Qxf7 Qxd4+ 32. Kh1 Rd8 33. exf5 Qf6 34.
Qxf6 gxf6 35. Kg1 Rd5 36. Re1 Rd8 37. Rge3 Kg7 38. Re7+ Kh6 39. R7e6 Rd5 40.
Rxc6 Rd2 41. Kh1 Nxg2 42. Rg1 Nh4 43. Rxf6+ Kh5 44. Rf7 h6 45. Rf1 Rxa2 46. Rg7
1-0

[Event "Aeroflot Open 2010"]
[Site "Moscu RUS"]
[Date "2010.02.15"]
[Round "7.39"]
[White "Iljushin, Alexei"]
[Black "Laylo, Darwin"]
[Result "1-0"]
[WhiteElo "2551"]
[BlackElo "2556"]
[PlyCount "127"]
[EventDate "2010.02.09"]
[EventType "swiss"]
[EventRounds "9"]
[EventCountry "RUS"]
[Source "lmi"]
[SourceDate "2010.02.09"]

1. d4 d5 2. c4 c6 3. Nf3 Nf6 4. Nc3 a6 5. a4 e6 6. g3 dxc4 7. Bg2 c5 8. dxc5
Qxd1+ 9. Nxd1 Bd7 10. Ne5 Nc6 11. Nxc4 Bxc5 12. O-O Ke7 13. Nc3 h6 14. a5 Rad8
15. Na4 Bb4 16. Be3 Nd5 17. Bc5+ Bxc5 18. Nxc5 Bc8 19. e3 h5 20. Rfc1 h4 21.
Nb6 hxg3 22. hxg3 Ne5 23. Nca4 g5 24. Nxd5+ exd5 25. Nb6 Be6 26. Rc7+ Kf6 27.
Ra4 g4 28. Rxb7 Kg6 29. Rf4 Rh5 30. b4 Nd3 31. Rd4 Ne1 32. Kf1 Nxg2 33. Kxg2
Bf5 34. Kf1 Rh1+ 35. Ke2 Rb1 36. Na4 Be4 37. Nc5 Bf3+ 38. Kd3 Rh8 39. Kc2 Rhh1
40. Rb6+ Kg7 41. Nb3 Be2 42. Kc3 Bd1 43. Rxd1 Rhxd1 44. Rxa6 Rf1 45. Rb6 Rxf2
46. a6 Ra2 47. Na5 Ra3+ 48. Kd4 Rxb4+ 49. Rxb4 Rxa5 50. Rb6 Ra3 51. Rc6 f6 52.
Rc7+ Kg6 53. a7 Ra5 54. Rd7 f5 55. Ke5 d4+ 56. Kxd4 Kf6 57. Rh7 Kg6 58. Rb7 Kf6
59. Kc4 Ke6 60. Kb4 Ra1 61. Kc5 Ke5 62. Kb6 Ke4 63. Re7+ Kf3 64. Re5 1-0

[Event "Aeroflot Open 2010"]
[Site "Moscu RUS"]
[Date "2010.02.15"]
[Round "7.40"]
[White "Vazquez Igarza, Renier"]
[Black "Svetushkin, Dmitry"]
[Result "0-1"]
[WhiteElo "2560"]
[BlackElo "2573"]
[PlyCount "98"]
[EventDate "2010.02.09"]
[EventType "swiss"]
[EventRounds "9"]
[EventCountry "RUS"]
[Source "lmi"]
[SourceDate "2010.02.09"]

1. d4 Nf6 2. c4 e6 3. Nc3 Bb4 4. e3 O-O 5. Bd3 c5 6. Nf3 b6 7. O-O Bb7 8. Bd2
cxd4 9. Nxd4 Na6 10. a3 Bxc3 11. Bxc3 Nc5 12. Be2 d5 13. Rc1 Rc8 14. b4 Nce4
15. Bb2 dxc4 16. Bxc4 Nd5 17. Qg4 Ndf6 18. Qe2 Qe7 19. Bd3 Rfd8 20. f3 Nd6 21.
e4 Nd7 22. e5 Ne8 23. f4 Rxc1 24. Rxc1 Nf8 25. Be4 Ng6 26. g3 Bxe4 27. Qxe4 Rd5
28. Nf5 Qb7 29. Nd4 Ne7 30. g4 g6 31. b5 Qd7 32. a4 Rc5 33. Ba3 Rxc1+ 34. Bxc1
Nc7 35. Ba3 Ned5 36. Ne2 a6 37. bxa6 Nxa6 38. Qc4 Nac7 39. Kf2 Qd8 40. Kg3 Qa8
41. Bc1 Na6 42. Bd2 Nc5 43. a5 Qc6 44. axb6 Nxb6 45. Qd4 Ne4+ 46. Kh4 Kg7 47.
Bb4 Qc2 48. f5 gxf5 49. Qe3 Nd5 0-1

[Event "Aeroflot Open 2010"]
[Site "Moscu RUS"]
[Date "2010.02.16"]
[Round "8.2"]
[White "Le, Quang Liem"]
[Black "Savchenko, Boris"]
[Result "1-0"]
[WhiteElo "2647"]
[BlackElo "2638"]
[PlyCount "115"]
[EventDate "2010.02.09"]
[EventType "swiss"]
[EventRounds "9"]
[EventCountry "RUS"]
[Source "lmi"]
[SourceDate "2010.02.09"]

1. d4 Nf6 2. c4 e6 3. Nc3 d5 4. cxd5 exd5 5. Bg5 Be7 6. e3 O-O 7. Bd3 Nbd7 8.
Nge2 Re8 9. O-O Nf8 10. b4 Ne6 11. Bxf6 Bxf6 12. Qb3 c6 13. b5 g6 14. Rab1 Qd6
15. bxc6 bxc6 16. Qa4 Bd8 17. e4 dxe4 18. Nxe4 Qd7 19. Rfc1 Ng5 20. Nc5 Qd6 21.
h4 Bc7 22. Ng3 Ne6 23. Nce4 Qxd4 24. Qxd4 Nxd4 25. Nf6+ Kf8 26. Nxe8 Kxe8 27.
Ne2 Bf5 28. Nxd4 Bxd3 29. Rb3 Ba6 30. Rxc6 Bb6 31. Nb5 Kd7 32. Rf6 Ke7 33. Nc7
Kxf6 34. Nxa8 Bd4 35. Nc7 Be2 36. Rb7 a5 37. Nb5 Be5 38. Rb6+ Kg7 39. Rc6 Bf6
40. Nd6 Bxh4 41. Rc7 Bg5 42. Rxf7+ Kh6 43. f4 Bh4 44. Kh2 Kh5 45. g3 Bd8 46.
Rxh7+ Kg4 47. Nf7 Bb6 48. Ne5+ Kf5 49. Rh6 Bd4 50. Rxg6 a4 51. Rd6 Ke4 52. Nc6
Bc5 53. Re6+ Kf3 54. f5 Kf2 55. f6 Bc4 56. Re5 Bf8 57. f7 Bd6 58. Rf5+ 1-0

[Event "Aeroflot Open 2010"]
[Site "Moscu RUS"]
[Date "2010.02.16"]
[Round "8.3"]
[White "Nguyen, Ngoc Truong Son"]
[Black "Najer, Evgeniy"]
[Result "1-0"]
[WhiteElo "2616"]
[BlackElo "2665"]
[PlyCount "89"]
[EventDate "2010.02.09"]
[EventType "swiss"]
[EventRounds "9"]
[EventCountry "RUS"]
[Source "lmi"]
[SourceDate "2010.02.09"]

1. d4 d5 2. c4 c6 3. Nc3 Nf6 4. cxd5 cxd5 5. Bf4 Nc6 6. e3 a6 7. Rc1 Bg4 8. f3
Bd7 9. g4 e6 10. Bd3 Rc8 11. h4 Na5 12. h5 h6 13. Nge2 Nc4 14. Rc2 b5 15. Kf2
Qb6 16. b3 Na5 17. Ng3 Be7 18. Nce2 Rxc2 19. Bxc2 Nc6 20. Bb1 a5 21. Nc1 b4 22.
Nd3 Na7 23. Ne5 Nb5 24. Ne2 Na3 25. Bd3 Bc8 26. Qd2 Bb7 27. Rc1 Bd6 28. Qe1 Nh7
29. Bxh7 Rxh7 30. Nd3 Rh8 31. Bxd6 Qxd6 32. Kg2 Ke7 33. Rc5 Ba6 34. Rxa5 Nc2
35. Qh4+ f6 36. Nc5 Nxe3+ 37. Kf2 Nd1+ 38. Ke1 Ra8 39. Qg3 e5 40. g5 hxg5 41.
dxe5 Qb6 42. exf6+ gxf6 43. Rxa6 Rxa6 44. Nxa6 Qxa6 45. Kxd1 1-0

[Event "Aeroflot Open 2010"]
[Site "Moscu RUS"]
[Date "2010.02.16"]
[Round "8.6"]
[White "Naiditsch, Arkadij"]
[Black "Korobov, Anton"]
[Result "0-1"]
[WhiteElo "2687"]
[BlackElo "2642"]
[PlyCount "64"]
[EventDate "2010.02.09"]
[EventType "swiss"]
[EventRounds "9"]
[EventCountry "RUS"]
[Source "lmi"]
[SourceDate "2010.02.09"]

1. e4 c5 2. Nf3 d6 3. d4 cxd4 4. Nxd4 Nf6 5. Nc3 a6 6. Bg5 Nbd7 7. Qe2 e6 8. f4
Qc7 9. O-O-O Be7 10. g3 h6 11. Bh4 b5 12. Bg2 b4 13. e5 dxe5 14. Bxa8 bxc3 15.
fxe5 Nxe5 16. Rhe1 Qb8 17. bxc3 Ba3+ 18. Kd2 Nfd7 19. Bc6 Nxc6 20. Nxc6 Qd6+
21. Nd4 g5 22. Qh5 Nf6 23. Qf3 Nd5 24. Nf5 Qc5 25. c4 Qb4+ 26. Ke2 Qxc4+ 27.
Kf2 Bc5+ 28. Kg2 Kf8 29. Kh3 Bb7 30. Re4 Qxc2 31. Rxe6 Nf4+ 32. gxf4 Qxf5+ 0-1

[Event "Aeroflot Open 2010"]
[Site "Moscu RUS"]
[Date "2010.02.16"]
[Round "8.7"]
[White "Cheparinov, Ivan"]
[Black "Bareev, Evgeny"]
[Result "1/2-1/2"]
[WhiteElo "2660"]
[BlackElo "2643"]
[PlyCount "73"]
[EventDate "2010.02.09"]
[EventType "swiss"]
[EventRounds "9"]
[EventCountry "RUS"]
[Source "lmi"]
[SourceDate "2010.02.09"]

1. e4 c6 2. d4 d5 3. e5 Bf5 4. Nf3 e6 5. Be2 c5 6. Be3 cxd4 7. Nxd4 Ne7 8. Nd2
Nbc6 9. N2f3 Bg4 10. O-O Rc8 11. Rc1 Bxf3 12. Nxf3 g6 13. c4 Bg7 14. cxd5 Nxd5
15. Bc5 Bf8 16. Bb5 Bxc5 17. Rxc5 O-O 18. Bxc6 Rxc6 19. Rxc6 Kg7 20. Qc1 bxc6
21. h4 Qb6 22. Rd1 c5 23. h5 h6 24. Rd3 Rb8 25. Rb3 Qc7 26. Rxb8 Qxb8 27. hxg6
Kxg6 28. Qxc5 Qxb2 29. Qxa7 Qc1+ 30. Kh2 Qf4+ 31. Kh1 Qc1+ 32. Kh2 Qf4+ 33. Kh1
Qc1+ 34. Ng1 Qd1 35. Qa3 Qh5+ 36. Qh3 Qxe5 37. Qg4+ 1/2-1/2

[Event "Aeroflot Open 2010"]
[Site "Moscu RUS"]
[Date "2010.02.16"]
[Round "8.8"]
[White "So, Wesley"]
[Black "Zhou, Jianchao"]
[Result "1/2-1/2"]
[WhiteElo "2656"]
[BlackElo "2632"]
[PlyCount "67"]
[EventDate "2010.02.09"]
[EventType "swiss"]
[EventRounds "9"]
[EventCountry "RUS"]
[Source "lmi"]
[SourceDate "2010.02.09"]

1. d4 Nf6 2. c4 g6 3. Nc3 Bg7 4. e4 d6 5. Nf3 O-O 6. Be2 Bg4 7. Be3 Nfd7 8. Rc1
c5 9. d5 Na6 10. h3 Bxf3 11. Bxf3 Qa5 12. Be2 Nc7 13. O-O a6 14. a4 Qb6 15. Qc2
Bd4 16. Bd2 e6 17. Kh1 exd5 18. cxd5 Ne8 19. f4 Bg7 20. h4 Qd8 21. g3 Nc7 22.
h5 b5 23. hxg6 hxg6 24. b3 Nf6 25. Bf3 Qd7 26. Kg2 Rfe8 27. Rfe1 Rab8 28. Rcd1
bxa4 29. bxa4 Ng4 30. Bc1 Nh6 31. Rh1 Ng4 32. Rhe1 Bd4 33. Ne2 Bg7 34. Nc3
1/2-1/2

[Event "Aeroflot Open 2010"]
[Site "Moscu RUS"]
[Date "2010.02.16"]
[Round "8.11"]
[White "Iturrizaga, Eduardo"]
[Black "Moiseenko, Alexander"]
[Result "1-0"]
[WhiteElo "2616"]
[BlackElo "2677"]
[PlyCount "91"]
[EventDate "2010.02.09"]
[EventType "swiss"]
[EventRounds "9"]
[EventCountry "RUS"]
[Source "lmi"]
[SourceDate "2010.02.09"]

1. Nf3 c5 2. c4 Nc6 3. d4 cxd4 4. Nxd4 Nf6 5. Nc3 e6 6. a3 Bc5 7. Nb3 Be7 8. e4
O-O 9. Be2 b6 10. O-O Ba6 11. f4 d6 12. Be3 Rc8 13. Rc1 Re8 14. Rf2 Nb8 15. Qf1
Nbd7 16. Nd2 Bb7 17. Bf3 e5 18. g3 a6 19. b4 exf4 20. gxf4 Bf8 21. Bd4 b5 22.
cxb5 axb5 23. Re1 Bc6 24. Nxb5 Ra8 25. Bb2 Qb6 26. Nd4 Bb7 27. Nc4 Qa6 28. e5
Bxf3 29. Nxf3 dxe5 30. fxe5 Ne4 31. Rxe4 Qg6+ 32. Ng5 Qxg5+ 33. Rg2 Qh5 34. Rf4
Rac8 35. Nd6 Nxe5 36. Nxe8 Rxe8 37. Rf5 Qh6 38. Bxe5 Qe3+ 39. Rgf2 Rxe5 40.
Rxe5 Qxe5 41. Rxf7 Bd6 42. Rf2 Qd4 43. Qe2 h6 44. Qe6+ Kh7 45. Kg2 Be5 46. Re2
1-0

[Event "Aeroflot Open 2010"]
[Site "Moscu RUS"]
[Date "2010.02.16"]
[Round "8.12"]
[White "Bu, Xiangzhi"]
[Black "Bocharov, Dmitry"]
[Result "1-0"]
[WhiteElo "2673"]
[BlackElo "2594"]
[PlyCount "95"]
[EventDate "2010.02.09"]
[EventType "swiss"]
[EventRounds "9"]
[EventCountry "RUS"]
[Source "lmi"]
[SourceDate "2010.02.09"]

1. d4 Nf6 2. Nf3 e6 3. Bg5 h6 4. Bh4 d6 5. e3 g5 6. Bg3 Nh5 7. c4 Bg7 8. Nc3
O-O 9. Nd2 Nxg3 10. hxg3 Nd7 11. Be2 c5 12. Nb3 Qe7 13. Qd2 cxd4 14. Nxd4 Nb6
15. Rd1 Bd7 16. O-O Rfd8 17. Rfe1 Be8 18. e4 Rac8 19. b3 a6 20. Qe3 Nd7 21. Rd2
Ne5 22. f4 Nc6 23. Nf3 g4 24. Nh4 h5 25. Red1 Na5 26. Nd5 exd5 27. Rxd5 Nc6 28.
Nf5 Qf6 29. Nxg7 Kxg7 30. Rxh5 Kf8 31. Bxg4 Rb8 32. Rdd5 Bd7 33. e5 Qg7 34. Rg5
Qh7 35. f5 Ne7 36. Rh5 Nxd5 37. cxd5 Qg8 38. e6 Qg7 39. e7+ Ke8 40. exd8=Q+
Kxd8 41. Rh4 Rc8 42. Kh2 Kc7 43. Qe7 Rh8 44. Bh3 Rxh4 45. gxh4 Qd4 46. f6 Qf4+
47. Kg1 Qd4+ 48. Kh1 1-0

[Event "Aeroflot Open 2010"]
[Site "Moscu RUS"]
[Date "2010.02.16"]
[Round "8.13"]
[White "Vescovi, Giovanni"]
[Black "McShane, Luke J"]
[Result "1-0"]
[WhiteElo "2660"]
[BlackElo "2616"]
[PlyCount "117"]
[EventDate "2010.02.09"]
[EventType "swiss"]
[EventRounds "9"]
[EventCountry "RUS"]
[Source "lmi"]
[SourceDate "2010.02.09"]

1. d4 Nf6 2. c4 g6 3. Nc3 Bg7 4. e4 d6 5. Nf3 O-O 6. Be2 c5 7. O-O Re8 8. Bg5
cxd4 9. Nxd4 Nc6 10. Be3 Bd7 11. Qd2 Nxd4 12. Bxd4 Bc6 13. f3 a5 14. b3 Nd7 15.
Be3 Nc5 16. Rab1 e6 17. Rfd1 f5 18. exf5 exf5 19. Bf1 Be5 20. Nd5 Bxd5 21.
Qxd5+ Kh8 22. Bd4 Qe7 23. Re1 Rad8 24. Rbd1 b6 25. f4 Bxd4+ 26. Qxd4+ Qg7 27.
Qxd6 Rb8 28. Qxb6 Ne4 29. Qd4 a4 30. Re3 axb3 31. axb3 Qxd4 32. Rxd4 Red8 33.
Rxd8+ Rxd8 34. Re1 Rb8 35. Rb1 Rb4 36. Bd3 Nc3 37. Rb2 Na4 38. Ra2 Nc5 39. Bc2
Nxb3 40. Bxb3 Rxb3 41. Rc2 Kg7 42. c5 Rb7 43. c6 Rc7 44. Kf2 Kf7 45. Ke3 Ke7
46. Kd4 Kd8 47. Ke5 Re7+ 48. Kf6 Re4 49. c7+ Kc8 50. g3 Re1 51. Kg7 Re7+ 52.
Kh6 Rd7 53. Ra2 Rxc7 54. Ra8+ Kd7 55. Kxh7 Rc6 56. Rg8 Ke7 57. Rxg6 Rc2 58. Ra6
Kf7 59. Kh6 1-0

[Event "Aeroflot Open 2010"]
[Site "Moscu RUS"]
[Date "2010.02.16"]
[Round "8.15"]
[White "Khalifman, Alexander"]
[Black "Pashikian, Arman"]
[Result "1/2-1/2"]
[WhiteElo "2616"]
[BlackElo "2647"]
[PlyCount "27"]
[EventDate "2010.02.09"]
[EventType "swiss"]
[EventRounds "9"]
[EventCountry "RUS"]
[Source "lmi"]
[SourceDate "2010.02.09"]

1. e4 e5 2. Nf3 Nc6 3. d4 exd4 4. Nxd4 Bc5 5. Nxc6 Qf6 6. Qf3 bxc6 7. Nd2 Qxf3
8. gxf3 Ne7 9. Nb3 Bb6 10. c4 c5 11. Rg1 O-O 12. Bd2 d6 13. h4 Bd7 14. h5
1/2-1/2

[Event "Aeroflot Open 2010"]
[Site "Moscu RUS"]
[Date "2010.02.16"]
[Round "8.17"]
[White "Zvjaginsev, Vadim"]
[Black "Khairullin, Ildar"]
[Result "1/2-1/2"]
[WhiteElo "2642"]
[BlackElo "2605"]
[PlyCount "78"]
[EventDate "2010.02.09"]
[EventType "swiss"]
[EventRounds "9"]
[EventCountry "RUS"]
[Source "lmi"]
[SourceDate "2010.02.09"]

1. e4 c6 2. f4 d5 3. e5 Bf5 4. Nf3 e6 5. c3 c5 6. d4 Nc6 7. Be3 Qb6 8. Qc1 cxd4
9. Nxd4 Nxd4 10. Bxd4 Bc5 11. Bxc5 Qxc5 12. b4 Qb6 13. a4 a6 14. a5 Qc7 15. Nd2
Ne7 16. Be2 Rc8 17. Nb3 Qxc3+ 18. Qxc3 Rxc3 19. Nc5 Nc6 20. Nxb7 Nxb4 21. Nd6+
Ke7 22. Nxf5+ exf5 23. O-O Rc5 24. Rfb1 Rb8 25. Bxa6 Nxa6 26. Rxb8 Nxb8 27. a6
Nxa6 28. Rxa6 Rc7 29. Kf2 g6 30. h4 h5 31. g3 Rc2+ 32. Ke3 Rc3+ 33. Kf2 d4 34.
Rd6 Rd3 35. Kg2 Rd1 36. Kf2 d3 37. Ke3 Re1+ 38. Kf2 Rd1 39. Ke3 Re1+ 1/2-1/2

[Event "Aeroflot Open 2010"]
[Site "Moscu RUS"]
[Date "2010.02.16"]
[Round "8.18"]
[White "Mamedov, Rauf"]
[Black "Belov, Vladimir"]
[Result "1/2-1/2"]
[WhiteElo "2640"]
[BlackElo "2595"]
[PlyCount "47"]
[EventDate "2010.02.09"]
[EventType "swiss"]
[EventRounds "9"]
[EventCountry "RUS"]
[Source "lmi"]
[SourceDate "2010.02.09"]

1. d4 d6 2. Nf3 Nf6 3. g3 g6 4. Bg2 Bg7 5. O-O O-O 6. Nc3 Nc6 7. d5 Nb8 8. Bf4
c6 9. e4 cxd5 10. exd5 Bg4 11. Qd2 Bxf3 12. Bxf3 Nbd7 13. Rfe1 Rc8 14. Qe3 a6
15. a4 Re8 16. Rad1 Nb6 17. Qe2 Nc4 18. b3 Na3 19. Bc1 Nd7 20. Bxa3 Bxc3 21.
Rf1 Qc7 22. Bg4 Rb8 23. Bxd7 Qxd7 24. Rd3 1/2-1/2

[Event "Aeroflot Open 2010"]
[Site "Moscu RUS"]
[Date "2010.02.16"]
[Round "8.20"]
[White "Safarli, Eltaj"]
[Black "Volokitin, Andrei"]
[Result "1/2-1/2"]
[WhiteElo "2594"]
[BlackElo "2691"]
[PlyCount "52"]
[EventDate "2010.02.09"]
[EventType "swiss"]
[EventRounds "9"]
[EventCountry "RUS"]
[Source "lmi"]
[SourceDate "2010.02.09"]

1. e4 c5 2. Nf3 e6 3. Nc3 a6 4. d4 cxd4 5. Nxd4 d6 6. g3 Nf6 7. Bg2 Qc7 8. O-O
Be7 9. Nce2 O-O 10. b3 e5 11. Nf5 Bxf5 12. exf5 d5 13. Bxd5 Rd8 14. c4 Nxd5 15.
cxd5 Qa5 16. Qd2 Qxd2 17. Bxd2 Rxd5 18. Rfd1 Nc6 19. Be3 Rad8 20. Rxd5 Rxd5 21.
Nc3 Rd7 22. Ne4 f6 23. Kf1 Nb4 24. g4 Kf7 25. Bd2 Nc6 26. Be3 Nb4 1/2-1/2

[Event "Aeroflot Open 2010"]
[Site "Moscu RUS"]
[Date "2010.02.16"]
[Round "8.21"]
[White "Maletin, Pavel"]
[Black "Van Wely, Loek"]
[Result "1/2-1/2"]
[WhiteElo "2591"]
[BlackElo "2641"]
[PlyCount "91"]
[EventDate "2010.02.09"]
[EventType "swiss"]
[EventRounds "9"]
[EventCountry "RUS"]
[Source "lmi"]
[SourceDate "2010.02.09"]

1. d4 Nf6 2. c4 e6 3. g3 d5 4. Nf3 Bb4+ 5. Bd2 Be7 6. Bg2 c6 7. Qc2 b6 8. O-O
Ba6 9. b3 Nbd7 10. Rd1 Rc8 11. a4 c5 12. dxc5 Bxc5 13. Nc3 dxc4 14. b4 Bxb4 15.
Nd4 Bxc3 16. Bxc3 O-O 17. a5 b5 18. Nc6 Rxc6 19. Bxc6 Qc7 20. Bxd7 Nxd7 21. Qb2
f6 22. Bb4 Rc8 23. Rd6 Bb7 24. Qd4 Bd5 25. Rd1 Ne5 26. Rxd5 exd5 27. Qxd5+ Kh8
28. Bd6 Qd7 29. Bxe5 Qxd5 30. Rxd5 fxe5 31. Rxb5 c3 32. Rb1 Kg8 33. e4 Kf7 34.
Kf1 Rc4 35. f3 Ke6 36. Ke2 c2 37. Rc1 Rc3 38. f4 exf4 39. gxf4 g5 40. fxg5 Ke5
41. h4 Kxe4 42. Kd2 Rh3 43. Rxc2 Rh2+ 44. Kc1 Rxc2+ 45. Kxc2 Kf5 46. Kd3
1/2-1/2

[Event "Aeroflot Open 2010"]
[Site "Moscu RUS"]
[Date "2010.02.16"]
[Round "8.22"]
[White "Kobalia, Mikhail"]
[Black "Shabalov, Alexander"]
[Result "1-0"]
[WhiteElo "2637"]
[BlackElo "2611"]
[PlyCount "117"]
[EventDate "2010.02.09"]
[EventType "swiss"]
[EventRounds "9"]
[EventCountry "RUS"]
[Source "lmi"]
[SourceDate "2010.02.09"]

1. e4 c5 2. Nf3 Nc6 3. Bb5 e6 4. O-O Nge7 5. Re1 a6 6. Bf1 Ng6 7. d4 cxd4 8.
Nxd4 Qc7 9. Be3 b5 10. a4 b4 11. Nxc6 Qxc6 12. Nd2 Be7 13. Nc4 O-O 14. Qd4 Rb8
15. Red1 f5 16. exf5 Rxf5 17. Qa7 Rb7 18. Qa8 Kf7 19. Nd2 Rc7 20. Qxc6 Rxc6 21.
Bd3 Rh5 22. Nc4 Bc5 23. g4 Ne5 24. gxh5 Nxc4 25. Bxc4 Bxe3 26. Bxe6+ Kxe6 27.
fxe3 Bb7 28. Rd2 Rc5 29. h6 gxh6 30. Rf1 Rg5+ 31. Kf2 a5 32. Rg1 Rh5 33. Ke1
Be4 34. Rg7 d6 35. Rg8 Kd7 36. Rg4 Re5 37. Rf4 Ke7 38. Kf2 Re6 39. Rh4 d5 40.
Rg4 Kd6 41. Rg8 Kc7 42. Ra8 Kb6 43. Rb8+ Ka6 44. c3 Rg6 45. Kf1 bxc3 46. bxc3
Rc6 47. Rdb2 Ka7 48. Kf2 Rg6 49. R2b7+ Ka6 50. Rb5 Ka7 51. Rf8 Rg2+ 52. Ke1
Rg1+ 53. Kf2 Rg2+ 54. Kf1 Rxh2 55. Rf7+ Ka6 56. Rf6+ Ka7 57. Rxa5+ Kb7 58. Rb5+
Kc7 59. Rc5+ 1-0

[Event "Aeroflot Open 2010"]
[Site "Moscu RUS"]
[Date "2010.02.16"]
[Round "8.23"]
[White "Hou, Yifan"]
[Black "Tregubov, Pavel V"]
[Result "0-1"]
[WhiteElo "2590"]
[BlackElo "2628"]
[PlyCount "92"]
[EventDate "2010.02.09"]
[EventType "swiss"]
[EventRounds "9"]
[EventCountry "RUS"]
[Source "lmi"]
[SourceDate "2010.02.09"]

1. e4 c5 2. Nc3 Nc6 3. Nf3 g6 4. d4 cxd4 5. Nxd4 Bg7 6. Be3 Nf6 7. Bc4 O-O 8.
Bb3 d6 9. h3 Bd7 10. O-O a6 11. f4 Qc7 12. Qf3 b5 13. a3 Rab8 14. Nxc6 Bxc6 15.
Nd5 Bxd5 16. exd5 Nd7 17. c3 a5 18. Qf2 Nc5 19. Bd1 Ne4 20. Qc2 Qc4 21. Bf3 Ng3
22. Rfe1 h5 23. Rac1 Nf5 24. Ba7 Qxf4 25. Re4 Qg5 26. Bxb8 Rxb8 27. Rce1 Be5
28. Rxe5 dxe5 29. Rxe5 b4 30. axb4 axb4 31. c4 Qf6 32. Re1 Qd4+ 33. Kh2 b3 34.
Qc1 Rc8 35. Qg5 Qxc4 36. d6 exd6 37. Bxh5 Qb4 38. Rf1 Qb5 39. Re1 Re8 40. Rc1
Qe5+ 41. Kg1 Qxb2 42. Bf3 Qd4+ 43. Kh1 b2 44. Rb1 Qf2 45. Kh2 Re1 46. Qd8+ Kg7
0-1

[Event "Aeroflot Open 2010"]
[Site "Moscu RUS"]
[Date "2010.02.16"]
[Round "8.25"]
[White "Salgado Lopez, Ivan"]
[Black "Andriasian, Zaven"]
[Result "1-0"]
[WhiteElo "2584"]
[BlackElo "2613"]
[PlyCount "69"]
[EventDate "2010.02.09"]
[EventType "swiss"]
[EventRounds "9"]
[EventCountry "RUS"]
[Source "lmi"]
[SourceDate "2010.02.09"]

1. d4 d5 2. Bg5 c5 3. dxc5 Nc6 4. Nf3 f6 5. Bd2 e5 6. b4 e4 7. Ng1 a5 8. c3 f5
9. e3 Qf6 10. Na3 Be6 11. Nb5 Rc8 12. Ne2 Nh6 13. Ned4 Be7 14. Nxe6 Qxe6 15.
Qh5+ Nf7 16. Nd4 Nxd4 17. cxd4 O-O 18. bxa5 f4 19. Rb1 g6 20. Qh3 Qf6 21. Rb6
Rc6 22. Qd7 Bxc5 23. Rxb7 Rd8 24. Qxf7+ Qxf7 25. Rxf7 Kxf7 26. Bb5 Rc7 27. dxc5
Rxc5 28. a4 Rc2 29. Ke2 d4 30. exd4 Rxd4 31. Rd1 g5 32. a6 Ra2 33. a7 Rdxa4 34.
Bxa4 Rxa4 35. g3 1-0

[Event "Aeroflot Open 2010"]
[Site "Moscu RUS"]
[Date "2010.02.16"]
[Round "8.26"]
[White "Smirin, Ilia"]
[Black "Kosintseva, Tatiana"]
[Result "1-0"]
[WhiteElo "2668"]
[BlackElo "2515"]
[PlyCount "71"]
[EventDate "2010.02.09"]
[EventType "swiss"]
[EventRounds "9"]
[EventCountry "RUS"]
[Source "lmi"]
[SourceDate "2010.02.09"]

1. e4 e5 2. Nf3 Nc6 3. Bb5 a6 4. Ba4 Nf6 5. O-O Be7 6. Re1 b5 7. Bb3 d6 8. c3
O-O 9. d3 Na5 10. Bc2 c5 11. Nbd2 Nc6 12. a4 Be6 13. h3 h6 14. d4 cxd4 15. cxd4
exd4 16. Nb3 Nb4 17. Nbxd4 Nxc2 18. Qxc2 bxa4 19. Qxa4 Qe8 20. Qd1 Nd7 21. Bf4
Ne5 22. Bxe5 dxe5 23. Nxe6 fxe6 24. Nxe5 Bc5 25. Re2 Qb5 26. Nf3 Rad8 27. Qf1
Qb3 28. Rc1 Bb6 29. Rec2 Rd3 30. Nd2 Qb5 31. Nc4 Rb3 32. Qd1 Bc7 33. Nd2 Rxb2
34. Rxc7 Qd3 35. Qg4 Qd4 36. Nf3 1-0

[Event "Aeroflot Open 2010"]
[Site "Moscu RUS"]
[Date "2010.02.16"]
[Round "8.30"]
[White "Lenic, Luka"]
[Black "Kosintseva, Nadezhda"]
[Result "1/2-1/2"]
[WhiteElo "2595"]
[BlackElo "2533"]
[PlyCount "37"]
[EventDate "2010.02.09"]
[EventType "swiss"]
[EventRounds "9"]
[EventCountry "RUS"]
[Source "lmi"]
[SourceDate "2010.02.09"]

1. c4 Nf6 2. Nc3 e5 3. Nf3 Nc6 4. e3 Bb4 5. Qc2 Bxc3 6. Qxc3 Qe7 7. a3 O-O 8.
d3 d5 9. cxd5 Nxd5 10. Qc2 a5 11. Be2 Bg4 12. h3 Bh5 13. Qb3 Nb6 14. g4 a4 15.
Qc3 Nd5 16. Qc4 Nb6 17. Qc3 Nd5 18. Qc4 Nb6 19. Qc3 1/2-1/2

[Event "Aeroflot Open 2010"]
[Site "Moscu RUS"]
[Date "2010.02.16"]
[Round "8.31"]
[White "Danin, Alexandre"]
[Black "Rakhmanov, Aleksandr"]
[Result "1-0"]
[WhiteElo "2519"]
[BlackElo "2591"]
[PlyCount "77"]
[EventDate "2010.02.09"]
[EventType "swiss"]
[EventRounds "9"]
[EventCountry "RUS"]
[Source "lmi"]
[SourceDate "2010.02.09"]

1. e4 c5 2. Nc3 Nc6 3. Nge2 g6 4. d4 cxd4 5. Nxd4 Bg7 6. Nb3 Nf6 7. Be2 O-O 8.
O-O d6 9. Re1 a5 10. a4 Be6 11. Bf1 Nb4 12. Nd4 Bg4 13. f3 Bd7 14. Ncb5 Rc8 15.
c3 Na6 16. Be3 Nc5 17. Nb3 Nxb3 18. Qxb3 Be6 19. Qc2 Nd7 20. Nd4 Bc4 21. Bxc4
Rxc4 22. Rad1 Rc8 23. Nb5 Ne5 24. b3 Nc6 25. Qd2 f5 26. exf5 Rxf5 27. c4 Qf8
28. Bb6 Bh6 29. Qe2 Re5 30. Qf2 Rh5 31. Qe2 Bf4 32. g3 Ne5 33. Nd4 Bh6 34. f4
Bxf4 35. Rf1 Rxh2 36. Qxh2 Be3+ 37. Kh1 Qe8 38. Qh3 g5 39. Rde1 1-0

[Event "Aeroflot Open 2010"]
[Site "Moscu RUS"]
[Date "2010.02.16"]
[Round "8.32"]
[White "Khusnutdinov, Rustam"]
[Black "Ragger, Markus"]
[Result "0-1"]
[WhiteElo "2513"]
[BlackElo "2568"]
[PlyCount "98"]
[EventDate "2010.02.09"]
[EventType "swiss"]
[EventRounds "9"]
[EventCountry "RUS"]
[Source "lmi"]
[SourceDate "2010.02.09"]

1. e4 e5 2. Nf3 Nc6 3. d4 exd4 4. Nxd4 Nf6 5. Nxc6 bxc6 6. e5 Qe7 7. Qe2 Nd5 8.
c4 Ba6 9. b3 O-O-O 10. g3 Re8 11. Bb2 f6 12. Bg2 fxe5 13. O-O h5 14. Qd2 Nf6
15. Qa5 Bb7 16. Ba3 Qe6 17. Bxf8 Rhxf8 18. Qxa7 Qg4 19. Nc3 Qd4 20. Qa5 h4 21.
Rad1 Qb6 22. Qa3 hxg3 23. hxg3 Qa6 24. Qxa6 Bxa6 25. Na4 Bb7 26. Nc5 d6 27.
Nxb7 Kxb7 28. a4 Nd7 29. a5 Nc5 30. b4 Nb3 31. f4 Nd4 32. b5 Ka7 33. bxc6 Ne2+
34. Kf2 exf4 35. g4 Nc3 36. Rde1 Ka6 37. g5 Kxa5 38. Kf3 Re5 39. Kg4 Kb4 40.
Kh5 f3 41. Bxf3 Rxe1 42. Rxe1 Rxf3 43. Re7 Kxc4 44. Rxc7 Kc5 45. g6 Rg3 46.
Rxg7 Kxc6 47. Rf7 Kd5 48. Kh6 Ke6 49. Kg7 Nd5 0-1